|
|
|
|
| LEADER |
00708nab a2200205 i 4500 |
| 001 |
acta12374 |
| 005 |
20220610092832.0 |
| 008 |
161015s1985 hu o 0|| eng d |
| 022 |
|
|
|a 0324-721X
|
| 040 |
|
|
|a SZTE Egyetemi Kiadványok Repozitórium
|b hun
|
| 041 |
|
|
|a eng
|
| 100 |
1 |
|
|a Gécseg Ferenc
|
| 245 |
1 |
3 |
|a On v1-products of commutative automata
|h [elektronikus dokumentum] /
|c Gécseg Ferenc
|
| 260 |
|
|
|c 1985
|
| 300 |
|
|
|a 55-59
|
| 490 |
0 |
|
|a Acta cybernetica
|v 7 No. 1
|
| 650 |
|
4 |
|a Természettudományok
|
| 650 |
|
4 |
|a Számítás- és információtudomány
|
| 695 |
|
|
|a Számítástechnika, Kibernetika
|
| 856 |
4 |
0 |
|u http://acta.bibl.u-szeged.hu/12374/1/cybernetica_007_fasc_001_055-059.pdf
|z Dokumentum-elérés
|